[Event "Da Qing U20 op-A"]
[Site "Da Qing"]
[Date "2019.01.22"]
[Round "5"]
[White "Di, Xu Wei"]
[Black "Concio, Michael Jr"]
[Result "0-1"]
[WhiteElo "1981"]
[BlackElo "2080"]
[PlyCount "132"]
[EventDate "2019.01.20"]
[EventType "swiss"]
[EventRounds "9"]
[EventCountry "CHN"]
[SourceTitle "CBM 188 Extra"]
[Source "ChessBase"]
[SourceDate "2019.02.26"]
[SourceVersion "1"]
[SourceVersionDate "2019.02.26"]
[SourceQuality "1"]

1. e4 e5 2. Nf3 Nc6 3. d4 exd4 4. Nxd4 Bc5 5. Be3 Bb6 6. Bc4 Nf6 7. 0-0 0-0 8. Nc3 d6 9. h3 Re8 10. Nxc6 bxc6 11. Bg5 h6 12. Bh4 g5 13. Bg3 Nxe4 14. Nxe4 Rxe4 15. Bxf7+ Kxf7 16. Qf3+ Rf4 17. Bxf4 gxf4 18. Qxc6 Bf5 19. Rfe1 Qg8 20. Qc4+ Kf6 21. Qxf4 Qg5 22. Qf3 Rg8 23. Re2 Qg3 24. Qxg3 Rxg3 25. Kh2 Rg7 26. g4 Bd7 27. Rae1 Bd4 28. c3 Be5+ 29. Kg2 Bc6+ 30. f3 h5 31. Kf2 hxg4 32. hxg4 Rh7 33. Rg1 Kg5 34. Ree1 Rh2+ 35. Rg2 Rh3 36. Rgg1 Bxf3 37. Ref1 Kf4 38. Rb1 Rh2+ 39. Ke1 Bf6 40. g5 Bxg5 41. Rxg5 Kxg5 42. Rc1 Rxb2 43. a3 Rh2 44. a4 Rh1+ 45. Kd2 Rxc1 46. Kxc1 a5 47. Kd2 Bc6 48. Kd3 Bxa4 49. Kd4 Bb3 50. c4 a4 51. Kc3 c5 52. Kd3 a3 53. Kc3 Bxc4 54. Kc2 Bd3+ 55. Kb3 c4+ 56. Kxa3 c3 57. Kb3 c2 58. Kb2 Kf4 59. Kc1 Ke3 60. Kb2 Kd2 61. Ka2 c1Q 62. Kb3 Qc3+ 63. Ka4 Qc4+ 64. Ka3 Qb5 65. Ka2 Qb4 66. Ka1 Qa3# 0-1

[Event "Da Qing U20 op-A"]
[Site "Da Qing"]
[Date "2019.01.20"]
[Round "1"]
[White "Di, Xu Wei"]
[Black "Boldoo, Erdenepurev"]
[Result "0-1"]
[WhiteElo "1981"]
[BlackElo "2334"]
[PlyCount "104"]
[EventDate "2019.01.20"]
[EventType "swiss"]
[EventRounds "9"]
[EventCountry "CHN"]
[SourceTitle "CBM 188 Extra"]
[Source "ChessBase"]
[SourceDate "2019.02.26"]
[SourceVersion "1"]
[SourceVersionDate "2019.02.26"]
[SourceQuality "1"]

1. e4 c5 2. Nf3 e6 3. d4 cxd4 4. Nxd4 Nc6 5. Nc3 a6 6. Nxc6 bxc6 7. Bd3 d5 8. 0-0 Nf6 9. e5 Nd7 10. Re1 Be7 11. Qg4 g6 12. Na4 h5 13. Qe2 Nb6 14. Nxb6 Qxb6 15. c3 c5 16. Qc2 Bd7 17. Rd1 Bc6 18. Be3 Qb7 19. Rac1 a5 20. b3 h4 21. f4 h3 22. g3 Qd7 23. Qf2 Qa7 24. Rd2 Rc8 25. b4 axb4 26. Rdc2 Ba4 27. Rb2 bxc3 28. Rxc3 0-0 29. Rc1 d4 30. Bd2 Bc6 31. f5 exf5 32. Bh6 Rfe8 33. Rf1 Qd7 34. Bc4 Bf8 35. Qf4 d3 36. Bxf8 Rxf8 37. e6 fxe6 38. Qg5 Kg7 39. Qe3 Be4 40. Rd1 Qd4 41. Qxd4+ cxd4 42. Bxd3 Bxd3 43. Rxd3 e5 44. a4 Rc4 45. Ra3 Rc3 46. Raa2 e4 47. a5 e3 48. Rb1 d3 49. Rd1 e2 50. Re1 Rd8 51. Rd2 Rc2 52. Rexe2 dxe2 0-1